|
|
|
|
| LEADER |
00641nam a22001937a 4500 |
| 005 |
20151215125142.0 |
| 008 |
091103t xxu||||| |||| 00| 0 eng d |
| 082 |
|
|
|a 658.802
|b AND
|
| 100 |
|
|
|a Anderson, Alan H.
|9 2374
|
| 245 |
|
|
|a Result oriented marketing communications
|
| 300 |
|
|
|a xxix, 249p.
|
| 653 |
|
|
|a Marketing communications
|
| 700 |
|
|
|a Kleiner, David
|9 7007
|
| 942 |
|
|
|c BK
|6 _
|
| 260 |
|
|
|a New Delhi
|b Beacon books
|c 1998
|
| 500 |
|
|
|a Includes index
|
| 020 |
|
|
|a 8186104801
|
| 999 |
|
|
|c 98263
|d 98263
|
| 952 |
|
|
|0 0
|1 0
|2 ddc
|4 0
|6 658802_AND
|7 0
|9 123825
|a SMS
|b SMS
|c GEN
|d 2009-11-03
|l 1
|o 658.802 AND
|p SMS019944
|r 2011-03-06
|s 2011-02-14
|w 2009-11-03
|y BK
|